| 000 | 01186nam0a2200337 4500 | ||
|---|---|---|---|
| 001 | RU\NLR\bibl\37619 | ||
| 005 | 20250615024739.0 | ||
| 010 |
_a5-93284-001-3 _925000 |
||
| 021 |
_aRU _b99-14956 _9723 |
||
| 035 | _a(NLR Aleph) 000036658 | ||
| 090 |
_a188511 _c188511 |
||
| 100 | _a19990709d1999 |||y0rusy50 ca | ||
| 101 | 0 | _arus | |
| 102 | _aRU | ||
| 105 | _ao ||||||||| | ||
| 200 | 1 |
_aПространство любви _eСуществую для тех, для кого существую _fВладимир Мегре |
|
| 210 |
_aМ. _cИЦ Анастасии _d1999 |
||
| 215 |
_a384 с. _d20 |
||
| 225 | 1 |
_aЗвенящие кедры России _vКн. 3 |
|
| 600 | 0 |
_aАнастасия _92078895 _3RU\NLR\AUTH\661254762 |
|
| 606 | 1 |
_a"Звенящие кедры России", религиозное движение _92406070 _3RU\NLR\AUTH\6601653319 |
|
| 686 | _aЮ96 | ||
| 686 | 1 | _aЭ231.92 | |
| 700 | 1 |
_aМегре _bВ. _f1950- _gВладимир Николаевич _4070 |
|
| 801 | 0 |
_aRU _bNLR _c19990709 _gPSBO |
|
| 801 | 1 |
_aRU _bNLR _c19990709 |
|
| 852 |
_aNLR _j99-3/7105 |
||
| 942 | _cBOOK | ||
| 980 | _aNB | ||